000 00252nam a2200097Ia 4500
001 694941
005 20250826161943.0
008 250824s9999 xx 000 0 und d
245 0 _aON İKİNCİ GECE
_cWILLIAM SHAKESPEARE
260 _bTÜRKİYE İŞ BANKASI
999 _c694941
_d694941